000 00590cam a22002053a 4500
001 45137
003 PGUSA
005 20140828084031.0
008 140315s2014||||xxu|||||s|||||000 | eng d
040 _aPGUSA
_beng
042 _adc
100 1 _aSpence, Lewis,
_d1874-1955
245 1 0 _aMyths and Legends of Babylonia and Assyria
_h[electronic resource] /
_cLewis Spence
260 _bProject Gutenberg,
_c2014
506 _aPublic domain in the USA.
516 _aElectronic text
830 0 _aProject Gutenberg
_v45137
856 4 0 _uhttp://www.gutenberg.org/ebooks/45137
942 _cEB
999 _c274388
_d274388